Мания расследования: роман

Dades bibliogràfiques
Autor principal: Топильская Е.В. Елена Валентиновна
Sumari:Следователь Маша Швецова уверена, что тяжелее всего раскрыть похищение человека. Именно поэтому она взялась за дело о похищении молодого бизнесмена, которое уже ведет городская прокуратура. Дело абсолютно «глухое»: молодой человек совершенно не имел врагов, дела фирмы вел аккуратно, с криминалом связан не был. Полное отсутствие каких-либо зацепок! Времени, чтобы распутать этот «гордиев узел» у Маши совсем мало: чем быстрее она придет к разгадке, тем больше шансов, что бизнесмен еще жив.
Idioma:rus
Publicat: СПб., Нева, 2004
Col·lecció:Детектив читает женщина
Matèries:
Format: MixedMaterials Llibre
KOHA link:https://koha.lib.tpu.ru/cgi-bin/koha/opac-detail.pl?biblionumber=94058

MARC

LEADER 00000nam0a2200000 4500
001 94058
005 20231031105507.0
010 |a 5765433952 
021 |a RU  |b 05-21126  |9 05-1081 
035 |a (RuTPU)RU\TPU\book\100749 
090 |a 94058 
100 |a 20060407d2004 m y0rusy5002 ca 
101 0 |a rus 
102 |a RU 
105 |a y z 000ay 
200 1 |a Мания расследования  |e роман  |f Е. В. Топильская 
210 |a СПб.  |c Нева  |d 2004 
215 |a 308, [2] с. 
225 1 |a Детектив читает женщина 
330 |a Следователь Маша Швецова уверена, что тяжелее всего раскрыть похищение человека. Именно поэтому она взялась за дело о похищении молодого бизнесмена, которое уже ведет городская прокуратура. Дело абсолютно «глухое»: молодой человек совершенно не имел врагов, дела фирмы вел аккуратно, с криминалом связан не был. Полное отсутствие каких-либо зацепок! Времени, чтобы распутать этот «гордиев узел» у Маши совсем мало: чем быстрее она придет к разгадке, тем больше шансов, что бизнесмен еще жив. 
610 1 |a прокуратура 
610 1 |a преступники 
610 1 |a детективы 
610 1 |a русская литература 
610 1 |a романы 
675 |a Р2  |v 3  |z rus 
700 1 |a Топильская  |b Е.В.  |g Елена Валентиновна  |4 070 
801 0 |a RU  |b RKP  |c 20050514  |g PSBO 
801 1 |a RU  |b 63413507  |c 20060407  |g PSBO 
801 2 |a RU  |b 63413507  |c 20060414  |g PSBO 
942 |c BK